• 首页
  • 本馆介绍
  • 公告通知
  • 最新文献
  • 馆藏检索
  • 电子资源
  • 读者导购
  • 参考咨询
  • 我的图书馆
  • 登录
  • 详细信息显示
  • 放入我的书架
  • 预约/预借图书
  • 作者相关作品
  • 分类相关作品
  • 丛书相关作品
  • 出版社相关作品

书目信息

  • 表格格式
  • 工作单格式
  • 卡片格式
题名:
唐山大地震
    
 
作者: 钱钢 著
分册:  
出版信息: 北京   当代中国出版社  2017
页数: 309页
开本: 23cm
丛书名:
单 册:
中图分类: I253.7 , D632.5
科图分类:
主题词: 报告文学--中国--当代
电子资源:
ISBN: 978-7-5154-0723-4
000 01285nam0 2200253 450
001 012001002480
005 20140926114739.0
010    @a978-7-5154-0723-4@b精装@dCNY76.00
100    @a20170427d2017 em y0chiy50 ea
101 0  @achi
102    @aCN@b110000
105    @aa z 000yy
106    @ar
200 1  @a唐山大地震@9tang shan da di zhen@f钱钢著
210    @a北京@c当代中国出版社@d2017
215    @a309页@c图,照片@d23cm
314    @a钱钢,原《南方周末》常务副主编(1998-2001)。2004年以来,任香港大学新闻及传媒研究中心中国传媒研究计划(CMP)主任。他是资深传媒人,上世纪80年代是解放军报记者,中国报告文学代表性作家之一;90年代是传媒领军人物,曾参与创办《三联生活周刊》、担任中央电视台“新闻调查”栏目策划。代表作品有《唐山大地震》(1986)、《海葬》(1989)等。
330    @a1976年7月28日的唐山大地震,是迄今为止四百多年世界地震史上最悲惨的一页。作者当年赴唐山参与了抗震救灾活动,以其亲身经历和感受,全景式地真实记录了这场大地震和在大载重的人们,也留下了许多思考,使得这场灾难在更广阔的时空获得了更深刻的人道主义关注。本书也成为当代中国反映重大的自然灾害的最有影响的经典作品。
606 0  @a报告文学@y中国@z当代
690    @aI253.7@v5
690    @aD632.5@v5
701  0 @a钱钢@9qian gang@4著
801  0 @aCN@b上海新华@c20180901
905    @b1153158-62@dI253.7@e1061@f5
    
    唐山大地震/钱钢著.-北京:当代中国出版社,2017
    309页:图,照片;23cm
    
    
    ISBN 978-7-5154-0723-4(精装):CNY76.00
    1976年7月28日的唐山大地震,是迄今为止四百多年世界地震史上最悲惨的一页。作者当年赴唐山参与了抗震救灾活动,以其亲身经历和感受,全景式地真实记录了这场大地震和在大载重的人们,也留下了许多思考,使得这场灾难在更广阔的时空获得了更深刻的人道主义关注。本书也成为当代中国反映重大的自然灾害的最有影响的经典作品。
●
相关链接 在E读中查询图书 在五车中查询图书 在当当中查询图书 在豆瓣中查询图书


正题名:唐山大地震     索取号:I253.7/1061         预约/预借

序号 登录号 条形码 馆藏地/架位号 状态 备注
1 1153158   211531582   第一样本阅览室/ [索取号:I253.7/1061] 在馆    
2 1153159   211531591   密集书库-文学院/ [索取号:I253.7/1061] 在馆    
3 1153160   211531608   第二借阅区/ [索取号:I253.7/1061] 在馆    
4 1153161   211531617   第二借阅区/ [索取号:I253.7/1061] 在馆    
5 1153162   211531626   第二借阅区/ [索取号:I253.7/1061] 在馆    
唐山师范学院图书馆 欢迎您!
大连网信软件有限公司© 版权所有